[Event "World Blitz 2016"]
[Site "Doha QAT"]
[Date "2016.12.30"]
[Round "14.29"]
[White "Quparadze, Giga"]
[Black "Bok, Benjamin"]
[Result "0-1"]
[WhiteTitle "IM"]
[BlackTitle "GM"]
[WhiteElo "2481"]
[BlackElo "2598"]
[WhiteFideId "13602250"]
[BlackFideId "1017063"]
[EventDate "2016.12.29"]

1. e4 c5 2. Nf3 d6 3. d4 cxd4 4. Nxd4 Nf6 5. Nc3 a6 6. h3 e5 7. Nde2 h5 8. g3
Be6 9. Bg2 b5 10. Bg5 Nbd7 11. O-O Be7 12. h4 Rc8 13. a4 b4 14. Nd5 Nxd5 15.
exd5 Bf5 16. Bxe7 Qxe7 17. c3 a5 18. Qd2 Nc5 19. Qe3 O-O 20. cxb4 axb4 21. Nd4
Bd7 22. Nc6 Bxc6 23. dxc6 e4 24. Rac1 f5 25. Qd4 Qe6 26. Rfd1 Rxc6 27. Bf1 Kh8
28. Bc4 Qg6 29. Bd5 Ra6 30. b3 f4 31. Rd2 fxg3 32. fxg3 Rf3 33. Rg2 Rxg3 34. Qf2
Rxg2+ 35. Qxg2 Qf6 36. Bc4 Ra8 37. Qg5 Qxg5+ 38. hxg5 g6 39. Rd1 Rd8 40. Bd5 Kg7
41. Rf1 Rf8 42. Rxf8 Kxf8 43. Kf2 Ke7 44. Kg3 Ne6 45. Bxe4 Nxg5 46. Bxg6 Ne6 47.
Bxh5 Nc5 48. Bd1 Ke6 49. Kf4 d5 50. a5 Kd6 51. Ke3 Ke5 52. Kd2 d4 53. Bc2 Kd6
54. Bd1 Kc6 55. Be2 Nxb3+ 56. Kd3 Kd5 57. Bf3+ Ke5 58. Bd1 Nxa5 59. Ba4 Kd5 60.
Bd1 Kc5 61. Bf3 Nc4 62. Bh5 b3 63. Bf7 Ne5+ 0-1

[Event "World Blitz 2016"]
[Site "Doha QAT"]
[Date "2016.12.30"]
[Round "14.30"]
[White "Halkias, Stelios"]
[Black "Fressinet, Laurent"]
[Result "0-1"]
[WhiteTitle "GM"]
[BlackTitle "GM"]
[WhiteElo "2585"]
[BlackElo "2672"]
[WhiteFideId "4201809"]
[BlackFideId "608742"]
[EventDate "2016.12.29"]

1. Nf3 Nf6 2. d4 g6 3. g3 Bg7 4. Bg2 O-O 5. O-O d6 6. c4 Nc6 7. Nc3 Bf5 8. b3 e5
9. d5 Ne7 10. Nd2 e4 11. Bb2 e3 12. fxe3 Ng4 13. Rf3 Ne5 14. Rf1 Ng4 15. Rf3 Bd7
16. Kh1 Nf5 17. Nf1 Qe7 18. Qd3 Ne5 19. Qd2 Nxf3 20. exf3 Rae8 21. Re1 h5 22.
Ne4 Nh6 23. Bxg7 Kxg7 24. h4 f6 25. Nf2 Nf7 26. e4 g5 27. f4 g4 28. Ne3 Nh6 29.
Nc2 c5 30. Nd1 b5 31. Nde3 a5 32. cxb5 Bxb5 33. a4 Ba6 34. Rd1 Rb8 35. Qxa5 Be2
36. Re1 Bf3 37. Nc4 Rxb3 38. Qd2 Rfb8 39. a5 Nf7 40. Kh2 Bxg2 41. Kxg2 Rf3 42.
a6 Rbb3 43. Kh2 Rxg3 44. N2e3 Rh3+ 45. Kg1 Nh6 46. a7 Qxe4 47. a8=Q Qh1+ 48. Kf2
Qf3+ 0-1

[Event "World Blitz 2016"]
[Site "Doha QAT"]
[Date "2016.12.30"]
[Round "14.31"]
[White "Perez Ponsa, Federico"]
[Black "Moiseenko, Alexander"]
[Result "1-0"]
[WhiteTitle "GM"]
[BlackTitle "GM"]
[WhiteElo "2585"]
[BlackElo "2657"]
[WhiteFideId "117927"]
[BlackFideId "14102560"]
[EventDate "2016.12.29"]

1. d4 Nf6 2. Bf4 c5 3. d5 b5 4. a4 Bb7 5. axb5 Nxd5 6. Bg3 Nf6 7. c4 g6 8. Nc3
Bg7 9. e3 O-O 10. Nf3 a6 11. bxa6 Nxa6 12. Be2 d6 13. O-O Nb4 14. Nd2 Qb6 15.
Rb1 Nd7 16. Bf3 Ne5 17. Bxe5 Bxe5 18. Bxb7 Qxb7 19. Nf3 Bf6 20. e4 Qa6 21. Nb5
Qc6 22. Re1 Rfd8 23. Nc3 Bxc3 24. bxc3 Na6 25. Qd2 Nc7 26. Ng5 h6 27. Nh3 Kg7
28. Nf4 Ra4 29. Qd3 Rda8 30. h4 e5 31. Nd5 Nxd5 32. cxd5 Qd7 33. Rb6 Ra2 34. Qf3
Rc2 35. Reb1 Ra7 36. Rc6 Qe7 37. Qg3 Raa2 38. Rf1 Ra3 39. h5 Raxc3 40. Qg4 Rc1
41. hxg6 Rxf1+ 42. Kxf1 Qg5 43. Qxg5 hxg5 44. gxf7 Rc4 45. f3 g4 46. Rxd6 g3 47.
Rf6 Kf8 48. d6 Rd4 49. Ke2 c4 50. Rf5 c3 51. Rxe5 Rd2+ 52. Ke3 Rxg2 53. d7 Rd2
54. Re8+ Kxf7 55. d8=Q Rxd8 56. Rxd8 g2 57. Kf2 1-0

[Event "World Blitz 2016"]
[Site "Doha QAT"]
[Date "2016.12.30"]
[Round "14.32"]
[White "Svane, Rasmus"]
[Black "Banikas, Hristos"]
[Result "0-1"]
[WhiteTitle "GM"]
[BlackTitle "GM"]
[WhiteElo "2555"]
[BlackElo "2568"]
[WhiteFideId "4657101"]
[BlackFideId "4202031"]
[EventDate "2016.12.29"]

1. Nf3 Nf6 2. c4 g6 3. Nc3 Bg7 4. e4 d6 5. d4 O-O 6. Be2 e5 7. O-O Na6 8. Be3
Qe7 9. dxe5 dxe5 10. Nd5 Qd8 11. Bg5 c6 12. Nc3 Nc5 13. Qc2 Qe7 14. h3 Ne6 15.
Be3 Nf4 16. Rfd1 Nxe2+ 17. Qxe2 Re8 18. c5 Be6 19. Rd6 Nd7 20. Rad1 f6 21. b4
Bf8 22. b5 Nb8 23. bxc6 Nxc6 24. Qb5 Qf7 25. R6d2 Bc4 26. Qa4 Be6 27. Nb5 Rad8
28. Nd6 Bxd6 29. cxd6 Rd7 30. Qb5 Red8 31. a4 Bc4 32. Qc5 Qe6 33. a5 a6 34. Rc1
Bb5 35. Rcd1 Nxa5 36. Qd5 Qxd5 37. Rxd5 Nc4 38. Bc5 Bc6 39. R5d3 Bxe4 40. Rc3
Nxd6 41. Bxd6 Rxd6 42. Rxd6 Rxd6 43. Rc7 Bxf3 44. gxf3 Rb6 45. Kg2 a5 46. h4 h5
47. f4 exf4 48. Kf3 Rb4 49. Rc5 a4 50. Ra5 Kg7 51. Ra7 Kh6 0-1

[Event "World Blitz 2016"]
[Site "Doha QAT"]
[Date "2016.12.30"]
[Round "14.34"]
[White "Tari, Aryan"]
[Black "Grandelius, Nils"]
[Result "0-1"]
[WhiteTitle "GM"]
[BlackTitle "GM"]
[WhiteElo "2584"]
[BlackElo "2643"]
[WhiteFideId "1510045"]
[BlackFideId "1710400"]
[EventDate "2016.12.29"]

1. e4 c5 2. Nf3 d6 3. d4 cxd4 4. Nxd4 Nf6 5. Nc3 a6 6. h3 g6 7. g4 Bg7 8. Be3
Bd7 9. Qd2 Nc6 10. O-O-O Rc8 11. f4 b5 12. Bg2 Qc7 13. g5 Nh5 14. Nd5 Qa5 15.
Nxc6 Qxa2 16. Qb4 Rxc6 17. e5 Rc4 18. Qe1 Bf5 19. Nb4 Qa1+ 20. Kd2 Qxb2 0-1

[Event "World Blitz 2016"]
[Site "Doha QAT"]
[Date "2016.12.30"]
[Round "14.36"]
[White "Neelotpal, Das"]
[Black "Flores, Diego"]
[Result "0-1"]
[WhiteTitle "GM"]
[BlackTitle "GM"]
[WhiteElo "2463"]
[BlackElo "2579"]
[WhiteFideId "5003512"]
[BlackFideId "108049"]
[EventDate "2016.12.29"]

1. e4 c5 2. Nf3 e6 3. Nc3 a6 4. d4 cxd4 5. Nxd4 b5 6. Bd3 Qb6 7. Nf3 Qc7 8. O-O
Bb7 9. Re1 Be7 10. e5 f5 11. Ng5 Nc6 12. Qh5+ g6 13. Qh3 Nd8 14. Qg3 Bxg5 15.
Bxg5 Nf7 16. h4 h6 17. Bf4 Ne7 18. Qe3 g5 19. Bh2 Rg8 20. h5 Qc6 21. Bf1 g4 22.
Bf4 Ng5 23. Bxg5 hxg5 24. Rad1 f4 25. Qe4 g3 26. fxg3 Qb6+ 27. Qd4 Qxd4+ 28.
Rxd4 Nf5 29. Rb4 Nxg3 30. a4 Ke7 31. axb5 axb5 32. Bxb5 Rab8 33. Rd4 Bc8 34.
Red1 Rd8 35. h6 Nf5 36. Rc4 Nxh6 37. Ba4 Nf7 38. Ne4 Rxb2 39. Bb3 Bb7 40. Nd6
Bd5 41. Rb4 Nxe5 42. Nf5+ Kf6 43. Nd4 Bxb3 44. cxb3 Rc8 45. Rb5 Rc3 46. Re1 Re3
47. Rf1 Ng4 48. Nf3 Ree2 49. Rxg5 Rxg2+ 0-1

[Event "World Blitz 2016"]
[Site "Doha QAT"]
[Date "2016.12.30"]
[Round "14.37"]
[White "Salinas Herrera, Pablo"]
[Black "Bindrich, Falko"]
[Result "1-0"]
[WhiteTitle "IM"]
[BlackTitle "GM"]
[WhiteElo "2466"]
[BlackElo "2590"]
[WhiteFideId "3407128"]
[BlackFideId "4676670"]
[EventDate "2016.12.29"]

1. e4 e5 2. Nf3 Nc6 3. Bb5 Nf6 4. O-O Nxe4 5. d4 Nd6 6. Bxc6 dxc6 7. dxe5 Nf5 8.
Qxd8+ Kxd8 9. h3 h6 10. Nc3 Ne7 11. Rd1+ Ke8 12. b3 Ng6 13. Ne2 Bd7 14. Bb2 Rd8
15. Re1 c5 16. Nc3 Bc6 17. Ne4 Nf4 18. Kh2 Be7 19. Re3 Ne6 20. Rc1 Kd7 21. Ng3
Rhe8 22. Nf5 Bf8 23. g4 Kc8 24. Bc3 c4 25. b4 Rd5 26. Kg3 a5 27. a3 axb4 28.
axb4 Red8 29. Ra1 b6 30. Ng1 Kb7 31. Ree1 Rb5 32. Reb1 Ng5 33. f3 Rbd5 34. h4
Ne6 35. Ne2 b5 36. Ne3 R5d7 37. Nf5 g6 38. Ne3 Be7 39. f4 Be4 40. Ra5 Bc6 41.
Rba1 h5 42. f5 gxf5 43. gxf5 Rg8+ 44. Kh2 Nd8 45. Nd4 Bxh4 46. Ra7+ Kc8 47. e6
fxe6 48. fxe6 Rh7 49. Nxc6 Nxc6 50. Ra8+ Nb8 51. Nf5 Bg5 52. Be5 Re8 53. R1a6 h4
54. Nd4 Kb7 55. R6a7+ Kc8 56. Nc6 Rxe6 57. Rxb8+ Kd7 58. Rxc7# 1-0

[Event "World Blitz 2016"]
[Site "Doha QAT"]
[Date "2016.12.30"]
[Round "14.38"]
[White "Belyakov, Bogdan"]
[Black "Maghsoodloo, Parham"]
[Result "1-0"]
[WhiteTitle "IM"]
[BlackTitle "GM"]
[WhiteElo "2487"]
[BlackElo "2584"]
[WhiteFideId "24104795"]
[BlackFideId "12539929"]
[EventDate "2016.12.29"]

1. e4 e5 2. Nf3 Nc6 3. Bc4 Nf6 4. d4 exd4 5. e5 d5 6. Bb5 Ne4 7. Nxd4 Bd7 8.
Bxc6 bxc6 9. O-O Bc5 10. Be3 Bb6 11. f3 Ng5 12. f4 Ne4 13. Nc3 Nxc3 14. bxc3 Qe7
15. a4 a5 16. Qd3 O-O 17. Rae1 c5 18. Nb5 Rad8 19. f5 Qxe5 20. f6 Bxb5 21. Qxb5
Qxc3 22. Bg5 Rb8 23. fxg7 Qxg7 24. Bf6 Qg6 25. Rf3 c4+ 26. Kf1 Bd4 27. Qxd5 Bxf6
28. Rg3 Bg7 29. Rxg6 hxg6 30. Qxc4 c5 31. Qxc5 Rfc8 32. Qxa5 Rxc2 33. Qd5 Rcc8
34. g3 Bf6 35. Kg2 Kg7 36. Rf1 Rd8 37. Qc6 Bd4 38. Qc7 Bf6 39. a5 Ra8 40. Qb6
Bd4 41. Qb7 Bf6 42. a6 Rdb8 43. Qc6 Bb2 44. Qd7 Bf6 45. Qd6 Bb2 46. Rb1 Rd8 47.
Qc6 Bf6 48. Rf1 Bb2 49. h4 Rdb8 50. Kh3 Ra7 51. Rb1 Rb4 52. Rxb2 1-0

[Event "World Blitz 2016"]
[Site "Doha QAT"]
[Date "2016.12.30"]
[Round "14.39"]
[White "Adhiban, Baskaran"]
[Black "Tregubov, Pavel V."]
[Result "0-1"]
[WhiteTitle "GM"]
[BlackTitle "GM"]
[WhiteElo "2666"]
[BlackElo "2585"]
[WhiteFideId "5018471"]
[BlackFideId "4115341"]
[EventDate "2016.12.29"]

1. e4 c5 2. Nc3 e6 3. Nge2 Nc6 4. d4 cxd4 5. Nxd4 Nf6 6. Ndb5 Bb4 7. a3 Bxc3+ 8.
Nxc3 d5 9. exd5 exd5 10. Bd3 O-O 11. O-O d4 12. Ne2 Bg4 13. Bg5 Qd6 14. Qd2 h6
15. Bf4 Qd7 16. Bxh6 Bxe2 17. Bxg7 Bxd3 18. Bxf6 Qf5 19. Qh6 Qh7 20. Qg5+ Bg6
21. f4 Qh5 22. h4 Qxg5 23. hxg5 Rad8 24. f5 Bh7 25. Bxd8 Rxd8 26. Rad1 Kg7 27.
Rf4 f6 28. g6 Bg8 29. Kf2 Re8 30. Re1 Re5 31. g4 Kh6 32. Rf3 Kg5 33. Rh3 Rxe1
34. Kxe1 Kxg4 35. Rh7 Kxf5 36. Rxb7 Kxg6 37. Rc7 Bd5 38. b4 a6 39. Rd7 Bc4 40.
Rd6 Bb5 41. Kd2 Kf5 42. Rd5+ Ke4 43. Rd6 f5 44. Re6+ Ne5 45. a4 Bxa4 46. Rxa6
Bb5 47. Ra8 f4 48. Rb8 Bc4 49. b5 f3 50. Ke1 Ke3 51. Rf8 Bxb5 52. Rf5 f2+ 53.
Rxf2 Nf3+ 54. Rxf3+ Kxf3 55. Kd2 Ke4 56. Kc1 Kd5 57. Kd2 Kc4 0-1

[Event "World Blitz 2016"]
[Site "Doha QAT"]
[Date "2016.12.30"]
[Round "14.40"]
[White "Christiansen, Johan-Sebastian"]
[Black "Zhigalko, Sergei"]
[Result "1-0"]
[WhiteTitle "IM"]
[BlackTitle "GM"]
[WhiteElo "2429"]
[BlackElo "2671"]
[WhiteFideId "1512668"]
[BlackFideId "13502956"]
[EventDate "2016.12.29"]

1. Nf3 d5 2. c4 d4 3. b4 Bg4 4. Qb3 Nf6 5. g3 Nbd7 6. Bg2 e5 7. d3 a5 8. b5 a4
9. Qc2 h6 10. O-O Bc5 11. Ba3 Qe7 12. Bxc5 Nxc5 13. Nbd2 O-O 14. Rfe1 Bf5 15.
Rac1 Qd6 16. Red1 Bh7 17. Nh4 Rfd8 18. Bh3 Kh8 19. Bf5 g6 20. Bh3 Re8 21. Bg2 g5
22. Nhf3 Rad8 23. Qb2 Qb6 24. Qb4 Nfd7 25. Ne1 f5 26. Nc2 Nf6 27. Qb2 h5 28. Nb4
h4 29. Nd5 Nxd5 30. cxd5 Qd6 31. Nc4 Qf8 32. b6 cxb6 33. Qxb6 f4 34. d6 Nd7 35.
Qxb7 Bf5 36. Be4 Nc5 37. Qd5 Nxe4 38. dxe4 Bh7 39. Nxe5 Rxd6 40. Qxd6 1-0

[Event "World Blitz 2016"]
[Site "Doha QAT"]
[Date "2016.12.30"]
[Round "14.41"]
[White "Al-Sayed, Mohammed"]
[Black "Howell, David W L"]
[Result "1-0"]
[WhiteTitle "GM"]
[BlackTitle "GM"]
[WhiteElo "2508"]
[BlackElo "2644"]
[WhiteFideId "12100196"]
[BlackFideId "410608"]
[EventDate "2016.12.29"]

1. d4 d5 2. c4 c6 3. Nc3 Nf6 4. cxd5 cxd5 5. Bf4 Nc6 6. e3 a6 7. Bd3 Bg4 8. Nge2
e6 9. O-O Bd6 10. Bxd6 Qxd6 11. f3 Bh5 12. Nf4 Bg6 13. Nxg6 hxg6 14. f4 g5 15.
Qf3 gxf4 16. Qxf4 Qxf4 17. Rxf4 Rc8 18. h3 Na5 19. e4 dxe4 20. Nxe4 Nd5 21. Rf2
Ke7 22. Raf1 Rhf8 23. Ng5 f6 24. Nf3 Kd6 25. Re1 Rfe8 26. Nh4 Nc6 27. Nf3 Re7
28. a3 g5 29. g3 Rh8 30. Kg2 Ree8 31. Rfe2 Nd8 32. Nd2 Nc6 33. Ne4+ Ke7 34. Nc3
Nc7 35. d5 Nd4 36. Re4 Nb3 37. dxe6 Nc5 38. Rc4 Kd6 39. Bf5 N7xe6 40. b4 Nd7 41.
Ne4+ Ke7 42. Bxe6 Kxe6 43. Nc5+ Kd5 44. Rec1 Ne5 45. R4c2 b6 46. Rd2+ Kc6 47.
Nxa6+ Kb7 48. b5 Re7 49. Rdc2 Rd8 50. Rc7+ Rxc7 51. Rxc7+ Ka8 52. Rc2 Rd3 53. a4
Kb7 54. h4 gxh4 55. gxh4 Ng6 56. Rc6 Nxh4+ 57. Kf2 f5 58. Rc7+ Ka8 59. Rh7 Nf3
60. Nb4 Ng5 61. Rh8+ 1-0

[Event "World Blitz 2016"]
[Site "Doha QAT"]
[Date "2016.12.30"]
[Round "14.42"]
[White "Ghaem Maghami, Ehsan"]
[Black "Borisek, Jure"]
[Result "1/2-1/2"]
[WhiteTitle "GM"]
[BlackTitle "GM"]
[WhiteElo "2574"]
[BlackElo "2561"]
[WhiteFideId "12500739"]
[BlackFideId "14603152"]
[EventDate "2016.12.29"]

1. Nf3 c5 2. e4 e6 3. c3 d5 4. exd5 Qxd5 5. d4 Nf6 6. Be3 Be7 7. a3 b6 8. Bb5+
Bd7 9. Be2 O-O 10. c4 Qb7 11. Nc3 Bc6 12. Ne5 Bxg2 13. Rg1 Nbd7 14. Nxd7 Nxd7
15. d5 Bh3 16. d6 Bf6 17. Bf3 Qc8 18. Bxa8 Qxa8 19. Qe2 Ne5 20. O-O-O Bf5 21.
Bg5 Bxg5+ 22. Rxg5 Nf3 23. Rxf5 exf5 24. Nd5 Nd4 25. Qe5 Kh8 26. Rg1 Ne6 27. Nc7
Qe4 28. Qxe4 fxe4 29. Nxe6 fxe6 30. Rd1 Rd8 31. b4 Kg8 32. bxc5 bxc5 33. Kc2 Kf7
34. Kb3 Ke8 35. Ka4 Kd7 36. Kb5 Rc8 37. Re1 Kxd6 38. Rxe4 Rf8 39. f4 Rb8+ 40.
Ka6 Rb6+ 41. Ka5 Rb3 42. a4 Rh3 43. Ka6 Rxh2 44. a5 Ra2 45. Re3 Ke7 46. Re5 Kd6
47. Re3 Rf2 48. Kxa7 Rxf4 49. Kb6 Rxc4 50. Rd3+ Ke7 51. a6 Ra4 52. Rg3 g6 53.
Kb5 Ra1 54. Rg4 Kd6 55. Rg2 e5 56. Rd2+ Ke6 57. Rc2 e4 58. Rc4 Ke5 59. Rxc5+ Kf4
60. Rc4 h5 61. Ra4 Rb1+ 62. Kc6 Rb8 63. Kd5 Rd8+ 64. Kc4 h4 65. a7 Ra8 66. Kd5
h3 67. Rxe4+ Kg3 68. Re3+ Kf2 69. Rxh3 Rxa7 70. Ke5 Rf7 71. Rh6 g5 72. Rg6 Ke3
73. Rxg5 Rf6 1/2-1/2

[Event "World Blitz 2016"]
[Site "Doha QAT"]
[Date "2016.12.30"]
[Round "14.43"]
[White "Agdestein, Simen"]
[Black "Kozul, Zdenko"]
[Result "0-1"]
[WhiteTitle "GM"]
[BlackTitle "GM"]
[WhiteElo "2602"]
[BlackElo "2613"]
[WhiteFideId "1500015"]
[BlackFideId "14502879"]
[EventDate "2016.12.29"]

1. d4 Nf6 2. c4 g6 3. Nc3 Bg7 4. e4 d6 5. Bd3 O-O 6. Nge2 c6 7. O-O a6 8. a4 a5
9. h3 e5 10. d5 Na6 11. Be3 Nc5 12. Bc2 Nh5 13. Qd2 f5 14. dxc6 bxc6 15. Rad1
Nb7 16. f4 Be6 17. b3 Qh4 18. exf5 gxf5 19. c5 Rad8 20. cxd6 Rxd6 21. Qc1 Rxd1
22. Bxd1 exf4 23. Nxf4 Nxf4 24. Bxf4 Nc5 25. Qe3 Ne4 26. Nxe4 fxe4 27. Bg5 Bd4
28. Rxf8+ Kxf8 29. Qxd4 Qxg5 30. Qh8+ Bg8 31. Qd4 Qd5 32. Qf6+ Bf7 33. Bg4 e3
34. Qh6+ Ke7 35. Qxe3+ Kd6 36. Qf4+ Kc5 37. Bf5 h6 38. Be4 Qd4+ 39. Kh1 Bxb3 40.
Qf5+ Kb4 41. Bxc6 Qd1+ 42. Kh2 Qd6+ 43. Kh1 Qxc6 44. Qf4+ Ka3 0-1

[Event "World Blitz 2016"]
[Site "Doha QAT"]
[Date "2016.12.30"]
[Round "14.44"]
[White "Shytaj, Luca"]
[Black "Jumabayev, Rinat"]
[Result "0-1"]
[WhiteTitle "IM"]
[BlackTitle "GM"]
[WhiteElo "2435"]
[BlackElo "2611"]
[WhiteFideId "812633"]
[BlackFideId "13702661"]
[EventDate "2016.12.29"]

1. b3 Nf6 2. Bb2 g6 3. Bxf6 exf6 4. c4 d5 5. cxd5 Qxd5 6. Nc3 Qa5 7. Nf3 Bg7 8.
g3 O-O 9. Bg2 c5 10. O-O Nc6 11. Rc1 Bf5 12. Na4 b6 13. d4 Rad8 14. e3 Nb4 15.
Qd2 Be4 16. a3 Nc6 17. Qe2 cxd4 18. exd4 Bxf3 19. Qxf3 Nxd4 20. Qd3 Rfe8 21. Qb1
Ne2+ 22. Kh1 Nxc1 23. Rxc1 f5 24. h4 Qd2 25. Rf1 Qd4 26. Qc2 Rc8 27. Qa2 b5 0-1

[Event "World Blitz 2016"]
[Site "Doha QAT"]
[Date "2016.12.30"]
[Round "14.45"]
[White "Venkatesh, M.R."]
[Black "Sanal, Vahap"]
[Result "0-1"]
[WhiteTitle "GM"]
[BlackTitle "GM"]
[WhiteElo "2439"]
[BlackElo "2474"]
[WhiteFideId "5005779"]
[BlackFideId "6300545"]
[EventDate "2016.12.29"]

1. d4 e5 2. dxe5 Nc6 3. Nf3 d6 4. Nc3 Bg4 5. h3 Bh5 6. exd6 Bxd6 7. e3 Qe7 8. g4
Bg6 9. Bd3 O-O-O 10. Qe2 h5 11. g5 Ne5 12. Bxg6 fxg6 13. Nd4 c5 14. Nb3 Qxg5 15.
Bd2 Qg2 16. O-O-O Nf3 17. Ne4 Nf6 18. Nxd6+ Rxd6 19. Bc3 Rc6 20. Na5 Rc7 21. Nc4
Ne4 22. Ba5 Rc6 23. Qd3 Nd4 24. exd4 Nxf2 25. Qd2 b6 26. Rhf1 Rf8 27. d5 Rcf6
28. Bc3 Qxf1 29. Rxf1 Nd3+ 30. Qxd3 Rxf1+ 31. Be1 Rxe1+ 32. Kd2 Ref1 33. Qxg6
R8f2+ 34. Kd3 Rf3+ 35. Ne3 Re1 36. Qc6+ Kd8 37. Qd6+ Kc8 38. Qe6+ Kb7 39. Qd7+
Ka6 40. Qa4+ Kb7 41. Qd7+ Ka6 42. Kc4 Rf4+ 43. Kb3 Rb4+ 44. Ka3 Rxe3+ 45. c3 Rd4
46. d6 Red3 47. Qc8+ Kb5 48. Qe8+ Ka5 49. Qf7 Ka6 50. Qc7 Rxd6 51. Qc8+ Kb5 52.
Qg8 Rd7 53. Qb3+ Kc6 54. Qa4+ Kb7 55. Qe4+ Kc7 56. Qe5+ R3d6 57. Qxh5 g6 58. Qe5
Kc6 59. Kb3 a6 60. a4 b5 61. a5 Rd5 62. Qe4 g5 63. Qg6+ R7d6 64. Qe8+ Kc7 65.
Qa8 Kd7 66. Qb7+ Ke6 67. Qg7 Kf5 68. Qf7+ Ke4 69. Qf2 Rd2 70. Qe1+ Kf4 71. Qf1+
Ke4 72. Qe1+ Kf3 73. Qf1+ Kg3 74. Qg1+ Kxh3 75. Qxg5 c4+ 76. Ka3 Rd1 77. Qh5+
Kg3 78. Qe2 Ra1+ 79. Kb4 Rad1 80. Qe5+ Kf3 81. Qf5+ Ke3 82. Qe5+ Kf2 83. Kc5
R6d2 84. Kb6 Rd6+ 85. Kb7 R1d2 86. Qf4+ Ke2 87. Qe5+ Kd1 88. Qc5 Kc2 89. Qa3 Rh6
90. Qe7 0-1

[Event "World Blitz 2016"]
[Site "Doha QAT"]
[Date "2016.12.30"]
[Round "14.46"]
[White "Hirneise, Tobias"]
[Black "Quintiliano Pinto, Renato R."]
[Result "1-0"]
[WhiteTitle "IM"]
[BlackTitle "IM"]
[WhiteElo "2466"]
[BlackElo "2484"]
[WhiteFideId "24600881"]
[BlackFideId "2117568"]
[EventDate "2016.12.29"]

1. e4 c5 2. Nf3 d6 3. d4 cxd4 4. Nxd4 Nf6 5. Nc3 g6 6. Bg5 Bg7 7. Bb5+ Bd7 8.
Qe2 O-O 9. O-O-O a6 10. Bxd7 Nbxd7 11. f4 Qa5 12. Nb3 Qc7 13. Rhe1 e5 14. Kb1
exf4 15. Bxf4 Ne5 16. Bg5 Rfe8 17. Rf1 Ned7 18. Bxf6 Nxf6 19. Qd3 Rad8 20. Rxf6
d5 21. Rff1 dxe4 22. Qe3 Rc8 23. Nd4 Qxh2 24. Rf2 Qe5 25. g4 Rc4 26. Nce2 Rec8
27. c3 Re8 28. Rdf1 Rc7 29. a3 b5 30. Ka1 a5 31. Qf4 Qc5 32. Nxb5 Rd7 33. Ned4
e3 34. Re2 Qc4 35. Rfe1 Bxd4 36. Nxd4 Rde7 37. Rxe3 Rxe3 38. Rxe3 Rxe3 39. Qxe3
a4 40. Qe8+ Kg7 41. Qe5+ Kg8 42. Qe2 Qc8 43. g5 Qh3 44. Qe8+ Kg7 45. Qe5+ Kg8
46. Ka2 Qf1 47. Qd5 Qd3 48. Qd8+ 1-0

[Event "World Blitz 2016"]
[Site "Doha QAT"]
[Date "2016.12.30"]
[Round "14.47"]
[White "Potapov, Pavel"]
[Black "Saeed, Ishaq"]
[Result "1-0"]
[WhiteTitle "GM"]
[BlackTitle "FM"]
[WhiteElo "2493"]
[BlackElo "2312"]
[WhiteFideId "4169786"]
[BlackFideId "9301453"]
[EventDate "2016.12.29"]

1. e4 e5 2. Nf3 Nc6 3. Nc3 Nf6 4. d4 exd4 5. Nxd4 Bb4 6. Nxc6 bxc6 7. Bd3 d5 8.
exd5 cxd5 9. O-O O-O 10. h3 c6 11. Qf3 h6 12. Bf4 Be6 13. Ne2 Re8 14. Rad1 c5
15. c4 d4 16. Ng3 Ba5 17. Nh5 Rc8 18. Bxh6 Nxh5 19. Qxh5 gxh6 20. Qxh6 Qd7 21.
Bh7+ Kh8 22. Rd3 f5 23. Bxf5+ Kg8 24. Rg3+ 1-0

[Event "World Blitz 2016"]
[Site "Doha QAT"]
[Date "2016.12.30"]
[Round "14.48"]
[White "Gholami, Aryan"]
[Black "Atabayev, Yusup"]
[Result "0-1"]
[WhiteTitle "IM"]
[BlackTitle "IM"]
[WhiteElo "2422"]
[BlackElo "2473"]
[WhiteFideId "12513342"]
[BlackFideId "14001128"]
[EventDate "2016.12.29"]

1. c4 Nf6 2. Nc3 g6 3. g3 Bg7 4. Bg2 O-O 5. d4 d6 6. Nf3 Nbd7 7. O-O e5 8. b3
Re8 9. e3 c6 10. Bb2 e4 11. Nd2 d5 12. h3 h5 13. f3 Nf8 14. fxe4 Nxe4 15. Ncxe4
dxe4 16. Nxe4 Bxh3 17. Bxh3 Rxe4 18. Qf3 Qe8 19. Rae1 f5 20. Bg2 Nh7 21. Qf2 Ng5
22. Bxe4 Nh3+ 23. Kg2 Nxf2 24. Bb1 Ne4 25. Re2 Qe7 26. Rf3 Re8 27. Bc2 h4 28. g4
Qg5 29. Rf4 Nf6 30. Kf3 fxg4+ 31. Kf2 g3+ 32. Kg2 Qxf4 0-1

[Event "World Blitz 2016"]
[Site "Doha QAT"]
[Date "2016.12.30"]
[Round "14.49"]
[White "Xu, Yi"]
[Black "Debashis, Das"]
[Result "0-1"]
[WhiteTitle "IM"]
[BlackTitle "GM"]
[WhiteElo "2430"]
[BlackElo "2472"]
[WhiteFideId "8605564"]
[BlackFideId "5024854"]
[EventDate "2016.12.29"]

1. e4 c5 2. Nf3 d6 3. Bb5+ Bd7 4. Bxd7+ Qxd7 5. c4 Nf6 6. Nc3 g6 7. d4 cxd4 8.
Nxd4 Bg7 9. f3 O-O 10. Be3 Rc8 11. b3 a6 12. Rc1 Nc6 13. Nxc6 Rxc6 14. Qd3 b5
15. cxb5 axb5 16. O-O Rca6 17. a4 bxa4 18. Nxa4 Qd8 19. Nc3 Nd7 20. Nd5 Ra2 21.
Rc2 Ne5 22. Qd2 Rxc2 23. Qxc2 e6 24. Nb6 Rb8 25. Nc4 Nxc4 26. Qxc4 d5 27. exd5
exd5 28. Qd3 d4 29. Bf2 Qb6 30. Rd1 Rd8 31. Rc1 h5 32. h3 Rb8 33. Rc4 Rd8 34.
Rc1 Qb4 35. Rc4 Qd6 36. b4 Qb6 37. Kh1 Qb5 38. Kg1 Kh7 39. Kh1 Rc8 40. Rxd4 Rc1+
41. Bg1 Rxg1+ 42. Kxg1 Qb6 43. Kh1 Qxd4 44. Qb3 Kg8 45. b5 Qa1+ 46. Kh2 Be5+ 47.
g3 h4 48. f4 hxg3+ 49. Kxg3 Qg1+ 50. Kf3 Qf1+ 51. Ke4 Qxf4+ 52. Kd5 Kg7 53. b6
Bb8 54. Kc6 Qf6+ 55. Kb7 Bf4 56. Qd5 Qe5 57. Qd7 Kf6 58. Ka8 Qb8# 0-1

[Event "World Blitz 2016"]
[Site "Doha QAT"]
[Date "2016.12.30"]
[Round "14.50"]
[White "Hirneise, Jens"]
[Black "Kayumov, Sergey"]
[Result "1-0"]
[WhiteTitle "FM"]
[BlackTitle "GM"]
[WhiteElo "2315"]
[BlackElo "2505"]
[WhiteFideId "24614734"]
[BlackFideId "14200880"]
[EventDate "2016.12.29"]

1. e4 Nf6 2. e5 Nd5 3. Nc3 Nxc3 4. dxc3 d6 5. Nf3 dxe5 6. Qxd8+ Kxd8 7. Nxe5 Ke8
8. Bc4 e6 9. Bf4 Bd6 10. Bg3 Nd7 11. Nxd7 Bxd7 12. O-O-O Bxg3 13. hxg3 Bc6 14.
f3 h5 15. Rh4 g6 16. g4 Ke7 17. Rdh1 Rag8 18. Bf1 Rh6 19. gxh5 gxh5 20. Rxh5
Rhg6 21. R1h2 R8g7 22. Kd2 Rg3 23. Rh7 f5 24. Ke3 e5 25. Rxg7+ Rxg7 26. Bd3 f4+
27. Kf2 Rg5 28. c4 a5 29. a3 a4 30. b4 b6 31. c3 Rg8 32. Rh7+ Kd6 33. Rh6+ Kd7
34. Bf5+ Ke7 35. Rxc6 Rd8 36. Rxc7+ Kf6 37. Be4 Rd2+ 38. Kg1 Ra2 39. Rc6+ Kg5
40. Rg6+ Kh4 41. Kh2 Rxa3 42. Rxb6 Rxc3 43. c5 a3 44. Ra6 Rb3 45. c6 Rxb4 46.
Rxa3 Rc4 47. Rd3 Rc1 48. Rd6 Kg5 49. Rg6+ Kh4 50. Re6 Rc5 51. Re7 Kg5 52. c7 Kf6
53. Rh7 Kg5 54. Bb7 e4 55. c8=Q e3 1-0